The strategic role of facilities management in business performance (Record no. 112497)
[ view plain ]
| 000 -LEADER | |
|---|---|
| fixed length control field | 01222cad a22002655a 4500 |
| 001 - CONTROL NUMBER | |
| control field | L153401 |
| 008 - FIXED-LENGTH DATA ELEMENTS--GENERAL INFORMATION | |
| fixed length control field | 110720s2011 xxk f 000 0 eng d |
| 020 ## - INTERNATIONAL STANDARD BOOK NUMBER | |
| International Standard Book Number | 9781842196779 |
| 035 ## - SYSTEM CONTROL NUMBER | |
| System control number | (Sirsi) u153401 |
| 041 0# - LANGUAGE CODE | |
| Language code of text/sound track or separate title | eng |
| 050 04 - LIBRARY OF CONGRESS CALL NUMBER | |
| Classification number | 658.2 $2 20 |
| 110 2# - MAIN ENTRY--CORPORATE NAME | |
| Corporate name or jurisdiction name as entry element | Royal Institution of Chartered Surveyors |
| 9 (RLIN) | 4900 |
| 245 04 - TITLE STATEMENT | |
| Title | The strategic role of facilities management in business performance |
| Medium | [electronic resource] |
| 250 ## - EDITION STATEMENT | |
| Edition statement | 2nd ed. |
| 260 ## - PUBLICATION, DISTRIBUTION, ETC. | |
| Place of publication, distribution, etc. | Coventry |
| Name of publisher, distributor, etc. | RICS |
| Date of publication, distribution, etc. | 2011 |
| 490 #0 - SERIES STATEMENT | |
| Series statement | RICS Guidance Note |
| Volume/sequential designation | (GN 50/2011) |
| 520 ## - SUMMARY, ETC. | |
| Summary, etc. | Superseded by Strategic facilities management ISBN 9781783210312. |
| 520 ## - SUMMARY, ETC. | |
| Summary, etc. | This guidance note is relevant to all RICS members and other property professionals who might be advising clients or employers as to how they might add value to their core business operation by the application of best practice facilities management processes. |
| 590 ## - LOCAL NOTE (RLIN) | |
| Local note | KA NTK |
| 650 24 - SUBJECT ADDED ENTRY--TOPICAL TERM | |
| Topical term or geographic name entry element | RICS WHITE BOOK |
| 651 #4 - SUBJECT ADDED ENTRY--GEOGRAPHIC NAME | |
| Geographic name | International |
| 690 ## - LOCAL SUBJECT ADDED ENTRY--TOPICAL TERM (OCLC, RLIN) | |
| Topical term or geographic name as entry element | MANAGEMENT-FACILITIES MANAGEMENT |
| 856 40 - ELECTRONIC LOCATION AND ACCESS | |
| Uniform Resource Identifier | <a href="https://www.rics.org/Global/Downloads/RICS_The_strategic_role_of_facilities_management_in_business_performance.pdf">https://www.rics.org/Global/Downloads/RICS_The_strategic_role_of_facilities_management_in_business_performance.pdf</a> |
| Public note | View online for free at www.rics.org (members only access). |
| 942 ## - ADDED ENTRY ELEMENTS (KOHA) | |
| Suppress in OPAC | 0 |
| Withdrawn status | Lost status | Damaged status | Not for loan | Home library | Current library | Shelving location | Date acquired | Total Checkouts | Full call number | Barcode | Date last seen | Copy number | Price effective from | Koha item type | Source of classification or shelving scheme |
|---|---|---|---|---|---|---|---|---|---|---|---|---|---|---|---|
| Missing from bundle | London | London | Books | 20/07/2011 | RICS 2011/37 | 30075787 | 06/08/2019 | 2 | 06/08/2019 | Book | |||||
| Missing from bundle | London | London | Books | 20/07/2011 | RICS 2011/37 | 30075795 | 06/08/2019 | 3 | 06/08/2019 | Book | |||||
| Missing from bundle | London | London | RICS Boxes | 20/07/2011 | RICS 2011/37 | 30075791 | 06/08/2019 | 4 | 06/08/2019 | Archive | |||||
| Virtual | Virtual | Online | 20/07/2011 | ONLINE PUBLICATION | 153401-5001 | 06/08/2019 | 1 | 06/08/2019 | Book | Dewey Decimal Classification |